Phineas y Ferb. El arbol de navidad / escrito por Scott Peterson ; basado en la serie creada por Dan Pvenmire y Jeff "Swampy" Marsh. (Record no. 18080)
[ view plain ]
| 000 -LEADER | |
|---|---|
| fixed length control field | 00571 a2200193 4500 |
| 001 - CONTROL NUMBER | |
| control field | sjds |
| 003 - CONTROL NUMBER IDENTIFIER | |
| control field | sjds |
| 005 - DATE AND TIME OF LATEST TRANSACTION | |
| control field | 20240227185950.0 |
| 008 - FIXED-LENGTH DATA ELEMENTS--GENERAL INFORMATION | |
| fixed length control field | 240227b |||||||| |||| 00| 0 spa d |
| 020 ## - INTERNATIONAL STANDARD BOOK NUMBER | |
| International Standard Book Number | 9788499510668 |
| 020 ## - INTERNATIONAL STANDARD BOOK NUMBER | |
| International Standard Book Number | 8499510663 |
| 040 ## - CATALOGING SOURCE | |
| Transcribing agency | sjds |
| 041 ## - LANGUAGE CODE | |
| Language code of text/sound track or separate title | spa |
| 100 ## - MAIN ENTRY--PERSONAL NAME | |
| Personal name | Peterson, Scott |
| 245 ## - TITLE STATEMENT | |
| Title | Phineas y Ferb. El arbol de navidad / escrito por Scott Peterson ; basado en la serie creada por Dan Pvenmire y Jeff "Swampy" Marsh. |
| 260 ## - PUBLICATION, DISTRIBUTION, ETC. (IMPRINT) | |
| Place of publication, distribution, etc. | Madrid : |
| Name of publisher, distributor, etc. | Libros Disney, |
| Date of publication, distribution, etc. | 2010 |
| 300 ## - PHYSICAL DESCRIPTION | |
| Extent | 32, [1] h. de pegatinas : |
| Other physical details | il. color |
| 942 ## - ADDED ENTRY ELEMENTS (KOHA) | |
| Koha item type | Libro/Book |
| Withdrawn status | Lost status | Damaged status | Not for loan | Home library | Current library | Date acquired | Total Checkouts | Barcode | Date last seen | Date checked out | Price effective from | Koha item type | Inventory number | Full call number | Total Renewals | Checked out |
|---|---|---|---|---|---|---|---|---|---|---|---|---|---|---|---|---|
| La Puerta Biblioteca -- Satellite | La Puerta Biblioteca -- Satellite | 09/04/2018 | 17 | 40302103 | 24/03/2022 | 17/03/2022 | 09/04/2018 | Libro/Book | ||||||||
| La Puerta Biblioteca -- Satellite | La Puerta Biblioteca -- Satellite | 17/04/2018 | 18 | 40302100 | 07/04/2025 | 07/04/2025 | 17/04/2018 | Libro/Book | 3 | 23/05/2018 | ||||||
| Las Brisas 1 -- Satellite | Las Brisas 1 -- Satellite | 16/04/2018 | 40001557 | 16/04/2018 | 16/04/2018 | Libro/Book | ||||||||||
| Las Brisas 1 -- Satellite | Las Brisas 1 -- Satellite | 14/05/2019 | 40001829 | 14/05/2019 | 14/05/2019 | Libro/Book | ||||||||||
| Las Brisas 2 -- Satellite | Las Brisas 2 -- Satellite | 16/04/2018 | 2 | 40101523 | 07/03/2023 | 07/03/2023 | 16/04/2018 | Libro/Book | Inventory date: 7/4/25 | JI | ||||||
| Monte Cristo -- Satellite | Monte Cristo -- Satellite | 16/04/2018 | 40201555 | 16/04/2018 | 16/04/2018 | Libro/Book | ||||||||||
| Monte Cristo -- Satellite | Monte Cristo -- Satellite | 14/05/2019 | 40201807 | 14/05/2019 | 14/05/2019 | Libro/Book |